Most Guessed Most Guessed Most Guessed Countries - Statistics

General Stats
  • This quiz has been taken 258 times
  • The average score is 4 of 4
Answer Stats
% COTW % MGCJ % MGCMGCQ Countries % Correct
97% 100% 100% United States
100%
95% 99% 96% China
95%
96% 98% 98% Canada
92%
94% 98% 96% United Kingdom
90%
No matching quizzes found
Score Distribution
Percent of People with Each Score
Percentile by Number Answered
Your Score History
You have not taken this quiz